Cher Lloyd: Complete Discography - Statistics

General Stats
  • This quiz has been taken 11 times
  • The average score is 27 of 39
Answer Stats
Album Song % Correct
Sticks & Stones Beautiful People
100%
Sorry I'm Late Human
100%
Sorry I'm Late I Wish
100%
Sticks & Stones (Bonus) Oath
100%
Features Really Don't Care
100%
Sorry I'm Late Sirens
100%
Sticks & Stones Swagger Jagger
100%
Sticks & Stones Want U Back
100%
Sorry I'm Late Goodnight
86%
Sticks & Stones Superhero
86%
Sorry I'm Late Sweet Despair
86%
Sticks & Stones With Ur Love
86%
Singles Activated
71%
Sorry I'm Late Alone With Me
71%
Sorry I'm Late Bind Your Love
71%
Sticks & Stones Dub On The Track
71%
Singles Green Light
71%
Sticks & Stones Grow Up
71%
Singles Lost
71%
Sorry I'm Late M.F.P.O.T.Y.
71%
Singles M.I.A.
71%
Singles None Of My Business
71%
Sticks & Stones (Bonus) Riot!
71%
Features 4U
57%
Sticks & Stones End Up Here
57%
Sorry I'm Late Just Be Mine
57%
Sorry I'm Late Killin' It
57%
Singles One Drink Away
57%
Sticks & Stones Playa Boi
57%
Sticks & Stones (Bonus) Stay
57%
Duets / Collaborations Baddest
43%
Sticks & Stones (Bonus) Behind The Music
43%
Sorry I'm Late Dirty Love
43%
Features Don't Lose Love
43%
Singles Head Down
43%
Features It's All Good
43%
Sticks & Stones Over The Moon
43%
Features Rum And Raybans
43%
Sticks & Stones (Bonus) Talkin' That
43%
No matching quizzes found
Score Distribution
Percent of People with Each Score
Percentile by Number Answered
Your Score History
You have not taken this quiz